| 000 | 00785nam a2200289Ia 4500 | ||
|---|---|---|---|
| 001 | 34727 | ||
| 003 | IT-RoPAU | ||
| 008 | 130308s9999 xx 000 0 und d | ||
| 040 | _aIT-RoPAU | ||
| 040 | _cIT-RoPAU | ||
| 041 | _aITALIANO | ||
| 100 | _aBrioschi Franco | ||
| 100 | _gCodice Aut. SPICS: 15462 | ||
| 245 | _aQuestione della storia letteraria (La) | ||
| 245 | _bRagione Critica (La)-Prospettive Nello Studio della Letteratura | ||
| 250 | _a1a ed. | ||
| 260 | _aTORINO | ||
| 260 | _bEinaudi | ||
| 260 | _c1986 [1° Ed.:1986 - Ed.Ling.Originale:1986] | ||
| 300 | _a"55 p. (prefazione: no ; testo: 55 [pagine: 79-133])" | ||
| 650 | _aSAGGI DI LINGUISTICA | ||
| 650 | _eCodice materia Spics: 3207 | ||
| 942 | _cBK | ||
| 957 | _71 | ||
| 999 |
_c40236 _d40236 |
||
| 999 | _bSI | ||
| 999 | _g1 | ||